00570cam a22002291 4500001001300000003000400013005001700017008004100034010001700075035002000092040001800112042001200130050001900142100004900161245002400210260001100234300002400245500001400269504002700283600001300310999001700323sa 64005983 DLC20260227112036.0890710s1963 ii b 000 0 hino  asa 64005983  a(OCoLC)19987258 aDLCcWaUdDLC apremarc00aPK3798.M21bZ91 aŚarmā, Manamohana Lāḷa Jagannātha.10aMahākavi Māgha. c[1963] a524, [1] p.c25 cm. aIn Hindi. aBibliography: p. [525]00aMāgha. c59447d59447